000 00868cam a2200277 4500
001 sa 68019035
003 DLC
005 20260227112716.0
008 711008s1967 ii 001 0aeng
010 _asa 68019035
025 _aPL480:I-E-9963
040 _aDLC
_cDLC
_dDLC
041 1 _aengund
043 _aa-ii---
050 0 0 _aDS485.P3
_bT3
100 0 _aTahmās Khān,
_dapproximately 1738-1803.
245 1 0 _aTahmas nama, the autobiography of a slave.
_cAbridged and translated by P. Setu Madhava Rao.
260 _aBombay,
_bPopular Prakashan
_c[1967]
300 _aix, 160 p.
_c23 cm.
350 _a20.00
600 0 0 _aTahmās Khān,
_dapproximately 1738-1803.
600 0 0 _aTahmās Khān,
_dapproximately 1738-1803.
650 0 _aSlaves
_zIndian
_zPunjab
_xBiography.
651 0 _aPunjab (India)
_xHistory.
700 1 _aPagdi, Setumadhava Rao,
_etr.
999 _c88787
_d88787